Military engineering. (Record no. 547152)
[ view plain ]
| 000 -LEADER | |
|---|---|
| fixed length control field | 00432nam a22001457a 4500 |
| 082 ## - DEWEY DECIMAL CLASSIFICATION NUMBER | |
| Classification number | 624.2 |
| Author Mark | MIL. |
| -- | D. |
| 100 ## - MAIN ENTRY--PERSONAL NAME | |
| Personal name | Stationery Off, His Majesty's. |
| 9 (RLIN) | 43323 |
| 245 ## - TITLE STATEMENT | |
| Title | Military engineering. |
| Statement of responsibility, etc. | His Majesty's Stationery Off. |
| 250 ## - EDITION STATEMENT | |
| Edition statement | Vo. III. |
| 260 ## - PUBLICATION, DISTRIBUTION, ETC. | |
| Place of publication, distribution, etc. | London: |
| Name of publisher, distributor, etc. | His Majesty's Stationery Office. |
| Date of publication, distribution, etc. | 1928. |
| 300 ## - PHYSICAL DESCRIPTION | |
| Extent | 244 p.: |
| Other physical details | ill: |
| 526 ## - STUDY PROGRAM INFORMATION NOTE | |
| Program name | 0 |
| Interest level | 0 |
| Reading level | 0 |
| Title point value | 624_200000000000000_MIL |
| 650 ## - SUBJECT ADDED ENTRY--TOPICAL TERM | |
| Topical term or geographic name entry element | MCE |
| 9 (RLIN) | 379 |
| 942 ## - ADDED ENTRY ELEMENTS (KOHA) | |
| Source of classification or shelving scheme | |
| Koha item type | Book |
| Withdrawn status | Lost status | Source of classification or shelving scheme | Damaged status | Not for loan | Permanent Location | Current Location | Date acquired | Total Checkouts | Full call number | Barcode | Date last seen | Price effective from | Koha item type |
|---|---|---|---|---|---|---|---|---|---|---|---|---|---|
| Military College of Engineering (MCE) | Military College of Engineering (MCE) | 07/03/2014 | 624.2 MIL. | MCE-40656 | 07/03/2014 | 07/03/2014 | Book |
